000 01054naa a22002777a 4500
001 BR7704370
003 BR-BrBNA
005 20240918174027.0
007 ta
008 230509b bl.||||| |||| 00| 0 por d
040 _aBR-BrBNA
_bpor
_cBiblioteca Nacional de Agricultura
041 _a(Pt)
072 _aL10
_b5212
_bG514
090 _aL10 BR7704370
100 1 _aRazook, A.G.
111 1 _a2. Simposio sobre Melhoramento Genetico de Bovinos
_cJaboticabal, SP (Brazil)
_d29 Nov 1977
245 1 _aEfeitos da consanguinidade sobre as caracteristicas economicas dos bovinos [Brasil]
260 3 _aJaboticabal, SP (Brasil):
_c1977.
500 _aAnais do 2. Simposio sobre Melhoramento Genetico de Bovinos Jaboticabal, SP (Brasil): 1977. p. 71-103 (BR7704370-AM)L10
650 _aBOVINO
650 _aACASALAMENTO
650 _aCONSANGUINIDADE
773 0 _tAnais do 2. Simposio sobre Melhoramento Genetico de Bovinos
_wL10 BR7704370
_gJaboticabal, SP (Brasil), 1977. p. 71-103
909 _a202404
_bLucia
_c55
_dLucia Elande
942 _cAM
_2AGRIS
999 _c308432
_d308432